BIOLOGY (Record no. 191597)
[ view plain ]
| 000 -LEADER | |
|---|---|
| fixed length control field | 00518nam a2200205Ia 4500 |
| 003 - CONTROL NUMBER IDENTIFIER | |
| control field | OSt |
| 005 - DATE AND TIME OF LATEST TRANSACTION | |
| control field | 20260122125351.0 |
| 020 ## - INTERNATIONAL STANDARD BOOK NUMBER | |
| International Standard Book Number | 0-697-22570-4 |
| 040 ## - CATALOGING SOURCE | |
| Transcribing agency | LC |
| 050 ## - LIBRARY OF CONGRESS CALL NUMBER | |
| Classification number | QH 308.2 .R 38 1996 |
| Item number | 1 |
| 100 ## - MAIN ENTRY--PERSONAL NAME | |
| Personal name | RAVEN, PETER H |
| 245 #0 - TITLE STATEMENT | |
| Title | BIOLOGY |
| 250 ## - EDITION STATEMENT | |
| Edition statement | 4 |
| 260 ## - PUBLICATION, DISTRIBUTION, ETC. | |
| Place of publication, distribution, etc. | DUBUQUE, IA BOGOTA BOSTON, |
| Name of publisher, distributor, etc. | WM. C. BROWN PUBLISHERS, |
| Date of publication, distribution, etc. | 1996, |
| 300 ## - PHYSICAL DESCRIPTION | |
| Extent | XXXii, 1310 P, ILL |
| 500 ## - GENERAL NOTE | |
| General note | INCLUDES BIBLIOGRAPHICAL REFERENCES AND INDEX |
| 650 ## - SUBJECT ADDED ENTRY--TOPICAL TERM | |
| Topical term or geographic name entry element | Biology |
| 700 ## - ADDED ENTRY--PERSONAL NAME | |
| Personal name | JOHNSON GEORGE B |
| 942 ## - ADDED ENTRY ELEMENTS (KOHA) | |
| Koha item type | Long Loan Book |
| Source of classification or shelving scheme | Library of Congress Classification |
| Withdrawn status | Lost status | Source of classification or shelving scheme | Damaged status | Not for loan | Collection | Home library | Current library | Shelving location | Date acquired | Inventory number | Total checkouts | Full call number | Barcode | Date last seen | Copy number | Price effective from | Koha item type |
|---|---|---|---|---|---|---|---|---|---|---|---|---|---|---|---|---|---|
| Library of Congress Classification | Science & Technology | Kisii University Library | Kisii University Library | On Display | 09/15/2023 | 56751 | QH 308.2 .R 38 1996 | 034891 | 09/15/2023 | 1 | 09/15/2023 | Long Loan Book |